[Event "Plovdiv ChessBomb op 2nd"]
[Site "Plovdiv"]
[Date "2016.07.15"]
[Round "5"]
[White "Karova, Peya"]
[Black "Vasileva, Cveta"]
[Result "0-1"]
[WhiteElo "1248"]
[BlackElo "1588"]
[PlyCount "32"]
[EventDate "2016.07.12"]
[EventType "swiss"]
[EventRounds "7"]
[EventCountry "BUL"]
[SourceTitle "CBM 173 Extra"]
[Source "ChessBase"]
[SourceDate "2016.08.29"]
[SourceVersion "1"]
[SourceVersionDate "2016.08.29"]
[SourceQuality "1"]

1. e4 e5 2. d4 exd4 3. Qxd4 Nc6 4. Qe3 d6 5. Nc3 Be6 6. Bd2 g6 7. f4 Bh6 8. a3 Nf6 9. Be2 0-0 10. h3 d5 11. Qd3 dxe4 12. Nxe4 Nxe4 13. Qxe4 Bf5 14. Qc4 Qh4+ 15. Kd1 Rad8 16. Kc1 Rxd2 0-1

[Event "Kyustendil The three beeches op A 2nd"]
[Site "Kyustendil"]
[Date "2016.07.08"]
[Round "3.9"]
[White "Cimen, Tuna"]
[Black "Karova, Peya"]
[Result "1-0"]
[WhiteElo "1439"]
[BlackElo "1248"]
[PlyCount "71"]
[EventDate "2016.07.07"]
[EventType "swiss"]
[EventRounds "7"]
[EventCountry "BUL"]
[SourceTitle "EXT 2024"]
[Source "ChessBase"]
[SourceDate "2023.10.10"]
[SourceVersion "1"]
[SourceVersionDate "2023.10.10"]
[SourceQuality "1"]

1. d4 f5 2. g3 Nf6 3. Bg2 g6 4. Nf3 Bg7 5. 0-0 0-0 6. c4 d6 7. Nc3 Re8 8. Re1 Nc6 9. e3 e5 10. dxe5 dxe5 11. e4 Qxd1 12. Rxd1 Nxe4 13. Nxe4 fxe4 14. Ng5 Nb4 15. Bxe4 c6 16. a3 Na6 17. Be3 Nc7 18. Rd2 Ne6 19. Nf3 Nd4 20. Re1 c5 21. Bd5+ Kh8 22. Bxd4 cxd4 23. Rxd4 Bg4 24. Rxg4 Rad8 25. Ng5 Rxd5 26. cxd5 Bf8 27. Nf7+ Kg7 28. Rxe5 Rc8 29. Ng5 Bd6 30. Re6 Rd8 31. Ne4 Bc7 32. Re7+ Kf8 33. Rxc7 Rxd5 34. Rf4+ Ke8 35. Nf6+ Kd8 36. Nxd5 1-0

[Event "Sofia An Pasan op 10th"]
[Site "Sofia"]
[Date "2015.11.01"]
[Round "5"]
[White "Karova, Peya"]
[Black "Bozhilov, Georgi"]
[Result "1-0"]
[WhiteElo "1275"]
[BlackElo "1302"]
[PlyCount "51"]
[EventDate "2015.10.31"]
[EventType "swiss"]
[EventRounds "6"]
[EventCountry "BUL"]
[SourceTitle "CBM 169 Extra"]
[Source "ChessBase"]
[SourceDate "2015.12.18"]
[SourceVersion "1"]
[SourceVersionDate "2015.12.18"]
[SourceQuality "1"]

1. e4 d6 2. d4 g6 3. Nc3 Bg7 4. Qd3 a6 5. Be2 e6 6. Bd2 Ne7 7. h3 h6 8. Qe3 Nd7 9. Qd3 0-0 10. h4 b6 11. h5 g5 12. Nh3 f6 13. f4 Bb7 14. fxg5 fxg5 15. Nxg5 hxg5 16. Bxg5 Nf6 17. Qg3 Nxe4 18. Nxe4 Bxe4 19. Bg4 Bf5 20. Bf3 Qe8 21. h6 Bxd4 22. Bh5 Be5 23. h7+ Kg7 24. h8Q+ Kxh8 25. Bxe8+ Kg7 26. Bxe7+ 1-0